The Ultimate Quiz Of Sport #1 - Statistics

General Stats
  • This quiz has been taken 14 times
  • The average score is 7 of 15
Answer Stats
Question Your Answer Please % Correct
Ace, deuce and let are all associated with which sport? Tennis
93%
Which Team won the 2002 FIFA world Cup? Brazil
79%
In NFL the 'Lions' are from which US city? Detroit
64%
Who wore a parachute on their fight to the 1960s Olympic Games in Rome due to a fear of flying? Muhammed Ali
64%
In which city were the 2000 Summer Olympics held? Sydney
64%
Who won the most Wimbledon championships in the 11 years from 2000 to 2010 Venus Williams
64%
Who Captained England's 1966 World Cup winning footbll team? Bobby Moore
57%
Which nation hosted the 1976 Olympics that were boycotted by 29 countries? Canada
57%
The Ashes Is competed by which two nations? England and Australia
50%
Who did the USA beat in the Women's Football World Cup Final in 2015? Japan
36%
What is the name of the French Rugby Stadium? Stade de France
36%
In which Olympic event category do men and women compete together? Equestrian
29%
When was the first Wimbledon Championships take place? 1877
7%
Who was the the first player to win the Super Bowl Five times? Charles Haley
7%
What does the 'Para' in Paralympics stand for? Parallel
0%
No matching quizzes found
Score Distribution
Percent of People with Each Score
Percentile by Number Answered
Your Score History
You have not taken this quiz